[Event "Sarkisov Memorial"]
[Site "Krasnodar"]
[Date "1999.??.??"]
[Round "12.1"]
[White "Maiorov, Oleg Ivanovich"]
[Black "Nadyrhanov, Sergey"]
[Result "0-1"]
[WhiteElo "2400"]
[BlackElo "2467"]
[Annotator "Schulz,Andre"]
[PlyCount "50"]
[EventDate "1999.??.??"]
[EventType "tourn"]
[EventRounds "14"]
[EventCountry "RUS"]
[EventCategory "9"]
[SourceTitle "CBM 075"]
[Source "ChessBase"]
[SourceDate "2000.04.05"]
[SourceVersion "1"]
[SourceVersionDate "2000.04.05"]
[SourceQuality "1"]

1. e4 c5 2. Nf3 d6 3. d4 cxd4 4. Nxd4 Nf6 5. Nc3 g6 6. Be3 Bg7 7. f3 Nc6 8. Qd2
O-O 9. Bc4 Bd7 10. h4 Ne5 11. Bb3 Rc8 12. O-O-O h5 ({Die Alternative} 12... Nc4
13. Bxc4 Rxc4 14. h5 Nxh5 15. g4 Nf6 16. Bh6 ({harmlos ist} 16. Nde2 Re8) 16...
Nxe4 17. Qe3 Rxc3 18. bxc3 Nf6 19. Bxg7 Kxg7 {gilt als etwas besser für Weiß.
Groß auf Gewinn spielen kann Schwarz hier jedenfals nicht, vor allem, weil der
Drachenläufer getauscht ist.}) 13. Bg5 Rc5 14. g4 ({Als am aussichtsreichsten
für Weiß gilt} 14. Kb1 Z0 {gefolgt von} 15. g4 $140 {, allerdings ohne klaren
Befund für die eine oder andere Seite.}) 14... hxg4 15. Rdg1 $2 ({Pläne für
Weiß sind:} 15. Bxf6 Bxf6 16. h5) ({oder} 15. f4 Nc4 16. Qe2 (16. Qd3)) ({oder
} 15. h5 Nxh5 16. Nd5) 15... b5 $1 16. f4 {Weiß kommt nun einen Zug zu spät.}
b4 $17 17. Nd5 Nxe4 18. Nxe7+ (18. Qe3 Nxg5 19. hxg5 $17) 18... Qxe7 19. Bxe7
Nxd2 20. Bxf8 Kxf8 21. fxe5 Bh6 $19 22. Kd1 dxe5 23. Ne2 Bc6 24. Rh2 Nf3 25.
Rf2 Be3 0-1

[Event "Abu Dhabi op 23rd"]
[Site "Abu Dhabi"]
[Date "2015.08.25"]
[Round "4"]
[White "Kravtsiv, Martyn"]
[Black "Jones, Gawain C B"]
[Result "1-0"]
[WhiteElo "2599"]
[BlackElo "2647"]
[Annotator "Schulz,Andre"]
[PlyCount "89"]
[EventDate "2015.08.23"]
[EventType "swiss"]
[EventRounds "9"]
[EventCountry "UAE"]
[SourceTitle "EXT 2016"]
[Source "ChessBase"]
[SourceDate "2015.10.08"]
[SourceVersion "1"]
[SourceVersionDate "2015.10.08"]
[SourceQuality "1"]

1. e4 c5 2. Nf3 d6 3. d4 cxd4 4. Nxd4 Nf6 5. Nc3 g6 6. Be3 Bg7 7. f3 Nc6 8. Qd2
O-O 9. Bc4 Bd7 10. O-O-O Rc8 11. Bb3 Nxd4 12. Bxd4 b5 {Das ist die
Topalov-Variante. Schwarz bedrängt den Lb3.} 13. Nd5 ({Zu sehr scharfem Spiel
führt} 13. h4 a5 14. h5 a4 15. Bxf6 Bxf6 (15... exf6 16. Bd5 f5 17. hxg6 hxg6
18. g4 $16 {1-0 (43) Wei,Y (2526)-Pham,C (2327) Ho Chi Minh City 2013}) 16.
hxg6 e6 (16... hxg6 $2 17. Qh6 $18) 17. e5 Bg7 18. Rxh7 Bxe5 19. Rdh1 fxg6 20.
Bd5 Rf7 21. Rxf7 Kxf7 22. Be4 Qf6 23. Kb1 Rh8 24. Rxh8 Qxh8 25. Nd1 d5 26. Bd3
Qh4 27. a3 Bd6 28. c3 Bf4 29. Qe2 Qh1 30. Bc2 e5 31. g4 Be6 32. Qxb5 Qxf3 33.
Qxa4 Qxg4 34. Qa7+ Kf6 35. a4 Qe2 36. Qg1 e4 37. Qd4+ Be5 38. Qc5 Qd2 39. a5 (
39. Qf8+ Bf7 40. c4 $11) 39... Bf4 40. Bb3 e3 41. Qf8+ Bf7 42. Nxe3 Qxe3 43.
Bxd5 Qd3+ {0-1 (43) Polgar,J (2693)-Jones,G (2654) London 2013}) (13. Bxa7 b4
14. Nd5 Nxd5 15. exd5 Qa5 16. Bd4 Ba4 $11) 13... Nxd5 14. Bxg7 Kxg7 15. exd5 a5
16. a3 Kg8 {Die das Schach auf d4 aus der Stellung.} 17. Rhe1 Rc5 (17... b4 18.
axb4 axb4 19. Qxb4 Rc5 20. Rd3 Qa8 21. Rxe7 Qa1+ 22. Kd2 Qf1 23. Qf4 Bf5 24.
Rc3 Ra5 25. Rce3 Qxg2+ 26. Re2 Qg1 27. Qe3 Qa1 28. Re8 Ra8 29. Rxf8+ Rxf8 30.
Qc3 Qg1 31. Qe3 Qa1 32. Qc3 Qg1 33. Ba4 Qg5+ 34. Qe3 Qf6 35. c3 Rb8 36. b3 Qh4
37. Qe7 Qf4+ 38. Qe3 Qh4 39. Kc1 Qh3 40. Qf2 Bd3 41. Rd2 Bb5 42. Bxb5 Rxb5 43.
b4 Qc8 44. Kb2 Rb8 45. Kb3 Qf5 46. Qf1 Re8 47. Qd3 Qg5 48. Ra2 h5 49. b5 Qg1
50. Re2 Ra8 51. Rb2 Qa1 52. Qd4 Qa3+ 53. Kc2 Ra4 54. Qd2 Ra8 55. b6 Qa4+ 56.
Kd3 Qa1 57. Qe2 Rb8 58. Kc2 Qa4+ 59. Kb1 Qa5 60. Qb5 Qxc3 61. b7 Qxf3 62. Ka2
Kh7 63. Qc6 Qf4 64. h3 Qd4 65. Rb6 Qd2+ 66. Kb3 Qd1+ 67. Kb4 Qb1+ 68. Ka5 Qa2+
69. Qa4 Qxd5+ 70. Ka6 Ra8+ 71. bxa8=Q Qxa8+ 72. Kb5 Qd5+ 73. Ka6 Qa8+ {1/2-1/2
(73) Polgar,J (2705)-Jones,G (2644) London 2012}) 18. Re3 b4 19. axb4 axb4 20.
Qxb4 {Schwarz hat hier Kompensation für den Bauern, aber wahrscheinlich
genügt diese nicht voll. Mehr als Remis sollte normalerweise für Schwarz
nicht drin sein.} Qa8 21. Bc4 (21. Kd2 Rb8 22. Qd4 Bf5 23. Rc3 Qa5 {1-0 (77)
Cantelli,A (2303)-Siewert,M (2305) ICCF email 2009} (23... Rxb3 24. Rxb3 (24.
cxb3 $2 Rxd5 $19) 24... Rxc2+ 25. Ke3 Rxg2 26. Rd2)) 21... Bf5 22. Ra3 Qc8 23.
b3 Qc7 24. Qd2 (24. Ra6 Rb8 25. Qa4 e5 26. dxe6 Bxe6 27. Ra7 Qc8 28. Qa6 {
1/2-1/2 (28) Van der Haak,G (2195)-Coplin,L (2411) ICCF email 2009}) 24... Rb8
(24... Rc8 $6 25. g4 Bd7 26. Ra2 Bb5 $14) 25. Qd4 Qb6 26. Ra2 {Deckt alle
Drohungen gegen c2 ab. Schwarz hat es nun schwer, seine Angriff weiter zu
befeuern.} (26. h4 $2 Rxc4 27. bxc4 (27. Qxc4 Rc8 $40) 27... Qb1+ 28. Kd2 Qxc2+
29. Ke1 Qxg2 $11) 26... Qb4 27. g4 Bc8 (27... Bd7 28. Ra7 Rd8 $16) 28. Ra7 Rb7
29. Ra4 Qb6 30. b4 (30. Ra8 $5) 30... Rcc7 31. Ba6 Rb8 32. Qxb6 Rxb6 33. Bxc8
Rxc8 {Weiß hat seinen Mehrbauern, ein Freibauer auf b4, bis ins Endspiel
gerettet und muss auf dem Weg zuk Gewinn der Partie nur noch technische
Hürden meistern.} 34. Kb2 e6 35. c3 Rc4 36. Ra8+ Kg7 37. dxe6 fxe6 38. Ra7+
Kf6 39. Rxh7 d5 40. h4 Rbc6 41. Rd3 d4 42. cxd4 g5 43. hxg5+ Kxg5 44. Kb3 Kf4
45. Rh5 1-0

[Event "Novgorod 3rd"]
[Site "Novgorod"]
[Date "1996.07.31"]
[Round "10"]
[White "Short, Nigel D"]
[Black "Topalov, Veselin"]
[Result "1/2-1/2"]
[WhiteElo "2695"]
[BlackElo "2750"]
[Annotator "Schulz,Andre"]
[PlyCount "94"]
[EventDate "1996.07.20"]
[EventType "tourn"]
[EventRounds "10"]
[EventCountry "RUS"]
[EventCategory "19"]
[SourceTitle "CBM 054"]
[Source "ChessBase"]
[SourceDate "1996.10.01"]
[SourceVersion "1"]
[SourceVersionDate "1996.10.01"]
[SourceQuality "1"]

1. e4 {King} c5 2. Nf3 d6 3. d4 cxd4 4. Nxd4 Nf6 5. Nc3 g6 6. Be3 Bg7 7. f3 O-O
8. Qd2 Nc6 9. Bc4 Bd7 10. O-O-O (10. Bb3 Nxd4 11. Bxd4 b5 12. O-O-O a5 13. e5
dxe5 14. Bxe5 Bc6 15. Qxd8 Rfxd8 16. a4 bxa4 17. Bxa4 Bxa4 18. Nxa4 Nd5 19.
Bxg7 Kxg7 20. Rxd5 Rxd5 21. Nb6 Rad8 22. Nxd5 Rxd5 23. c4 Re5 24. Kd2 Kf6 25.
Rd1 Ke6 26. Kc3 {King: Black's K is prevented from reaching the cP, and the
win is relatively trivial for White. Nisipeanu,L-Moldovan,D/Bucharest
Ciocaltea (04) ;CBM 48 1995/1-0 (48)}) 10... Rc8 11. Bb3 Nxd4 $5 $146 12. Bxd4
b5 $6 {Meist kommt Schwarz nicht so schnell zu b7-b5. Normalerweise geht der
Nc6 nach e5 und dann wird er oft nach ...Nc4 gegen den Bb3 getauscht. Oder
bleibt dort stehen, und kontrolliert die Felder f3,d3,c4 und (wichtig!) g6,f7.
Hier hat er sich gegen den Nd4 getauscht, der eigentlich nicht so gefährlich
ist. Außerdem steht nun auf d4 ein B und Weiß kann mit g4-g5 den Abtausch des
Bg7 erzwingen.} 13. Nd5 $5 {Vereinfacht die Stellung. Sicher nicht die
Widerlegung der schwarzen Idee, aber Weiß hat Angst, daß der Bb3 nach a5-a4
ins Gedränge kommt.} (13. Kb1 $6 a5 $1 $13 (13... b4 14. Ne2 a5 15. e5 $5)) (
13. g4 $6 a5 14. g5 Ne8 15. Bxg7 Kxg7 (15... Nxg7 {/\a5-a4-a3;})) (13. e5 $142
$5 Ne8 (13... dxe5 14. Bxe5 {/\Bf6}) 14. exd6 Nxd6 15. Bxg7 Kxg7 16. Qd4+ f6 (
16... Kg8) 17. Qxa7 $16) (13. Bxa7 $5 Rxc3 (13... Qa5 14. Bd4) 14. Qxc3 $1 Nxe4
15. Qe3 $16) 13... Nxd5 (13... a6) 14. Bxd5 Bxd4 15. Qxd4 Qc7 16. c3 a5 17. Kb1
Qc5 (17... b4) 18. Rhe1 Rfd8 19. a3 Qxd4 20. Rxd4 Kf8 21. Re3 Rc7 22. g3 Rb8
23. f4 Bc6 24. Bxc6 Rxc6 25. e5 dxe5 26. Rxe5 e6 27. a4 bxa4 28. Ka2 Rcb6 29.
Rd2 Ra6 30. Re4 Rb5 31. Rxa4 Rab6 32. c4 Rb4 33. Rxb4 Rxb4 34. b3 a4 35. Ka3
Rxb3+ 36. Kxa4 Rc3 37. Kb4 Rc1 38. c5 Ke7 39. Kb5 f6 40. c6 (40. Kc6 $142 e5
41. fxe5 fxe5 42. Kd5 $16) 40... e5 41. fxe5 fxe5 42. Kb6 e4 43. Rd7+ (43. c7
e3 44. Rd3 e2 45. Re3+ Kd6 46. Rxe2 Rc6+ $10) 43... Kf6 44. Rd8 e3 45. Re8 Rb1+
46. Ka7 Ra1+ 47. Kb7 Rb1+ 1/2-1/2

[Event "FRA-ch"]
[Site "Narbonne"]
[Date "1997.08.30"]
[Round "15"]
[White "Lepelletier, Benoit"]
[Black "Degraeve, Jean Marc"]
[Result "0-1"]
[WhiteElo "2480"]
[BlackElo "2540"]
[Annotator "Schulz,Andre"]
[PlyCount "90"]
[EventDate "1997.08.15"]
[EventType "tourn"]
[EventRounds "15"]
[EventCountry "FRA"]
[EventCategory "9"]
[SourceTitle "CBM 061"]
[Source "ChessBase"]
[SourceDate "1997.11.23"]
[SourceVersion "1"]
[SourceVersionDate "1997.11.23"]
[SourceQuality "1"]

1. e4 c5 2. Ne2 Nc6 3. Nbc3 g6 4. d4 cxd4 5. Nxd4 Bg7 6. Be3 Nf6 7. Bc4 O-O 8.
Bb3 d6 9. f3 Bd7 10. Qd2 Rc8 11. h4 h5 12. O-O-O Ne5 13. Bh6 Bxh6 {Diese
Reaktion auf den weißen Vorstoß Bh6 mit folgendem Qualitätsopfer sieht man am
häufigsten, aber Schwarz kann auch weniger verpflichtend spielen.} (13... Nc4
14. Bxc4 Rxc4 15. Bxg7 Kxg7 {mit den schwarzen Verteidigungsresourcen Rh8, Rc5
oder Qa5-e5.}) ({oder} 13... a5 14. Bxg7 Kxg7 15. a4 Rc5) 14. Qxh6 Rxc3 ({
Nach dem trickreichen Zugumstellungsversuch} 14... a5 $5 {kann Weiß das
Qualitätsopfer verhindern.} 15. Qd2 $5 {1-0 Khalifman,A-Riemersma,L/Dordrecht
1988/CBM 07 (40)} (15. a4 $140 Rxc3 16. bxc3)) 15. bxc3 Qc7 16. Kb1 b5 {
Ein neuer Zug.} ({Wenig beliebt ist das sofortige} 16... Qxc3 {weil Weiß ein
Angriffstempo gewinnt.} 17. Ne2) ({Ganz schlecht ist} 16... a5 {wegen} 17. f4
Nfg4 (17... Nc4 18. f5 a4 19. Bxc4 Qxc4 20. fxg6 Rc8 21. Rhf1 Qxc3 22. Rxf6
Qb4+ 23. Nb3 {1-0 Apicella,M-Santiago,J/Andorra 1996/EXP 54}) 18. Qg5 a4 19.
fxe5 axb3 20. cxb3 {und nun führt keine der beiden schwarzen Möglichkeiten zum
Ausgleich.} Nxe5 (20... Nf2 21. e6 Nxh1 (21... Nxe4 22. Qh6 $1 Nxc3+ 23. Kb2
Nxd1+ 24. Rxd1 $18 {1-0 Short,N-Olafsson,H/Wijk 1987/CBM 02 (47)}) 22. exd7 Nf2
23. Ne6 $1 $18 {1-0 Rogers,I-Pekarek,A/Prague Chip 1992/CBM 27 (39)}) 21. Qxe7
Qxc3 22. Qg5 Ra8 23. Qd2 $16 {1-0 Stefansson,H-Tiviakov,S/Gausdal AC 1993/TD
93\03 (47)}) ({Spielbar, aber in der Bewertung unklar ist} 16... Rc8 17. g4 a5
{und jetzt ist} 18. Nf5 {ein kritischer Zug:} Bxf5 19. gxf5 (19. exf5 Qxc3 (
19... a4 $5) 20. fxg6 Nc4 21. gxf7+ Kxf7 22. Qc1 a4 23. Bxc4+ Qxc4 {1-0 Watson,
W-Kudrin,S/Palma de Mallorca GMA 1989/TD 89\13 (52)}) 19... a4 $1 (19... Qxc3
20. fxg6 Nc4 21. gxf7+ Kxf7 22. Qc1 a4 {1-0 Prandstetter,E-Neumeier,K/Dortmund
op 1990/EXT 90op (47)}) 20. Bxa4 Qxc3 21. Bb3 Nc4 22. Qc1 Qxf3 23. fxg6 fxg6
24. Rhf1 (24. Rhg1 Kh7 25. Qg5 Na3+ 26. Kc1 Qxe4 27. Rd2 Ng4 28. Qd5 Qe5 {
1/2-1/2 Wahls,M-Gupta,M/Dortmund op 1988/TD 88\03}) 24... Qc3 $132 {Pokorna,
R-Calzetta,M/EU-chTW 1997/EXP 57/[ESP - SVK]/0-1 (61)}) 17. f4 (17. g4 Qxc3 18.
gxh5 Nc4) 17... Nc4 18. f5 Qa5 19. Rd3 $2 {Danach erzwingt Schwarz Damentausch.
} (19. Bxc4 $2 bxc4 20. Ne2 gxf5 $15) ({Nach} 19. fxg6 $142 Qa3 (19... Qxc3 20.
gxf7+ Kxf7 21. Qc1 Nxe4 22. Rd3 $14 {lässt die Damen auf dem Brett, was für
den exponierten schwarzen König nicht ohne Gefahren ist.}) 20. gxf7+ Kxf7 21.
Qc1 Qxc1+ 22. Kxc1 Nxe4 23. Rdf1+ $14 {entstünde das Endspiel ohne schwarzen
Mehrbauern.}) 19... Qa3 20. Qc1 (20. Bxc4 $4 bxc4 21. Z0 Rb8+ $140 $19) 20...
Qxc1+ 21. Kxc1 Nxe4 $15 {Damit ist der materielle Ausgleich praktisch wieder
hergestellt. Weiß besitzt aber für seine Türme keine offenen Linien und die
weiße Bauernstellung am Damenflügel ist zertrümmert.} 22. Rf1 Kg7 23. a4 $6 {
Die Öffnung der a-Linie verschafft nur Schwarz neue Möglichkeiten.} (23. Bxc4
$142 bxc4 24. Re3 d5 25. fxg6 f5 26. Nf3 $5) 23... a6 24. axb5 axb5 25. Bxc4
bxc4 26. Re3 d5 27. fxg6 f5 28. Ne2 (28. Nf3 $5) 28... Ra8 29. Kb2 e5 30. Ng3
Kxg6 $17 (30... f4 $2 31. Nxh5+ Kxg6 32. Nxf4+ exf4 33. Rxf4 $14) 31. Nxe4 fxe4
32. Rd1 Ra5 33. Rf1 Bf5 34. Rg3+ Bg4 35. Re3 Ra8 36. Rf2 Re8 37. Kc1 Ra8 38.
Rd2 Ra5 39. Kb2 Kf6 40. Rf2+ Ke7 41. Re1 Ra8 42. Kb1 Be6 43. Kc1 Rg8 44. Kd2
Rg3 45. Rfe2 Bf5 0-1

[Event "Manhattan March Int"]
[Site "New York"]
[Date "1999.03.13"]
[Round "7"]
[White "Timoshenko, Georgy"]
[Black "Shahade, Gregory P"]
[Result "1-0"]
[WhiteElo "2592"]
[BlackElo "2386"]
[Annotator "Schulz,Andre"]
[PlyCount "133"]
[EventDate "1999.03.05"]
[EventType "tourn"]
[EventRounds "9"]
[EventCountry "USA"]
[EventCategory "10"]
[SourceTitle "CBM 070"]
[Source "ChessBase"]
[SourceDate "1999.06.08"]
[SourceVersion "1"]
[SourceVersionDate "1999.06.08"]
[SourceQuality "1"]

1. e4 c5 2. Nf3 d6 3. d4 cxd4 4. Nxd4 Nf6 5. Nc3 g6 6. Be3 Bg7 7. f3 O-O 8. Qd2
Nc6 9. Bc4 Bd7 10. O-O-O Rc8 11. Bb3 Nxd4 {Topalovs Idee, zu der es bisher nur
wenige Beispiele gibt.} 12. Bxd4 b5 {Die Idee ist, den Lb3 in Verlegenheit zu
bringen.} 13. Kb1 ({Nach} 13. Bxa7 Qa5 14. Bd4 Be6 {bekommt Weiß Sorgen mit
dem Bauern a2, z.B. nach} 15. Bxe6 fxe6 16. Kb1 Ra8 $40) 13... a5 14. a3 Re8 $6
{Ein überflüssiger Zug. In manchen Varianten nimmt der Turm nun dem Sf6 das
Feld e8. Außerdem ist f7 nun nicht mehr so gut überdeckt.} (14... Rb8 $2 15. e5
) (14... b4 $142 15. axb4 axb4 16. Na2 Be6 $5) 15. h4 b4 16. axb4 axb4 17. Na2
({Nach} 17. Nd5 Nxd5 18. Bxg7 Kxg7 {droht Schwarz stark 19...Da5 und 20...Ta8,
z.B.} 19. Qxd5 (19. Bxd5 $2 Qa5) 19... Rc5 $1 20. Qxf7+ Kh8 21. Qf4 Qa5 22. Bd5
Rc7 $40) 17... Qa5 (17... Be6 $5) 18. Qxb4 Qa8 (18... Qa6 $5) (18... Ra8 $5)
19. e5 Rb8 20. Qa3 ({Nicht} 20. Qd2 $2 dxe5 21. Bxe5 $2 Rxb3 $1 22. cxb3 Bf5+
23. Ka1 (23. Kc1 Rc8+ 24. Nc3 (24. Bc3 Qxa2 $19) 24... Qa1#) 23... Qxa2+ 24.
Kxa2 Ra8+ 25. Qa5 Rxa5#) 20... Qxa3 21. bxa3 dxe5 22. Bxe5 Rb7 (22... Ra8 $4
23. Bxf6 $18) 23. Nb4 $16 {Das Hauptsorgenkind des Schwarzen ist der in der
Luft hängende Ld7.} Ra8 24. Bb2 Rba7 25. Rhe1 Rxa3 $5 {Durch diese
Gewaltaktion möchte Schwarz den Lg7 zum Leben erwecken.} (25... e6 $16) 26.
Bxa3 Rxa3 27. Kb2 Ra8 28. c3 {Weiß muß nun noch einige kleine Gemeinheiten
beachten, bis sich schließlich der Materialvorteil durchsetzt.} (28. Rxe7 $2
Nd5+) 28... e6 29. Ra1 Rc8 30. Ra7 Nd5 31. Nxd5 exd5 32. Rd1 (32. Rc1 Be6 33.
Ra5 $2 (33. Ra6 $142) 33... d4 $132) 32... Bxc3+ 33. Ka3 Be6 34. Bxd5 Bxd5 35.
Rxd5 $18 Rc6 36. h5 gxh5 37. Rxh5 h6 38. Kb3 Kg7 39. Ra4 Bf6 40. Rg4+ Kh7 41.
Rf5 Kh8 42. Kb4 Kh7 43. Kb5 Rd6 44. Kc4 Ra6 45. Kd3 Ra3+ 46. Ke2 Ra6 47. Kf2
Rb6 48. Kg3 Ra6 49. Kh3 Rb6 50. Ra5 Rb7 51. Ra6 Bg7 52. Rf4 Rc7 53. Rf5 Rb7 54.
Kg4 Rc7 55. f4 Rb7 56. g3 Rc7 57. Rfa5 Rc4 58. Rd5 Rc7 59. Rad6 Rc4 60. Kh5 Rc3
61. Rd3 Rc5+ 62. R6d5 Rc6 63. Rd7 Kg8 64. R3d6 Rc3 65. Kg4 Rc4 66. Ra6 Rc5 67.
Ra8+ 1-0

[Event "RUS-chT 06th"]
[Site "St Petersburg"]
[Date "1999.05.19"]
[Round "4"]
[White "Kravtsov, Sergey"]
[Black "Solovjov, Sergey"]
[Result "0-1"]
[WhiteElo "2438"]
[BlackElo "2447"]
[Annotator "Schulz,Andre"]
[PlyCount "76"]
[EventDate "1999.05.16"]
[EventType "team-tourn"]
[EventRounds "9"]
[EventCountry "RUS"]
[SourceTitle "EXT 2020"]
[Source "ChessBase"]
[SourceDate "2019.10.17"]
[SourceVersion "1"]
[SourceVersionDate "2019.10.17"]
[SourceQuality "1"]
[WhiteTeam "Vladivostok DVGU"]
[BlackTeam "Murmansk OShK"]
[WhiteTeamCountry "RUS"]
[BlackTeamCountry "RUS"]

1. e4 c5 2. Nf3 d6 3. d4 cxd4 4. Nxd4 Nf6 5. Nc3 g6 6. Be3 Bg7 7. f3 Nc6 8. Qd2
Bd7 9. Bc4 O-O 10. O-O-O Ne5 11. Bb3 Rc8 12. h4 h5 13. Bg5 Rc5 {Das war vor
wenigen Jahren praktisch die Grundstellung der Drachenvariante. Heute sieht
man kaum noch Partien damit, weil der Drachen insgesamt nicht mehr populär ist
und weil Weiß mit 9.0-0-0 erfolgreicher ist.} 14. g4 (14. Kb1 {ist etwas
ausgebuffter, Schwarz antwortet dann am besten mit} Re8) 14... hxg4 15. h5 Nxh5
16. Nd5 Re8 17. f4 Nc4 18. Qf2 ({RR} 18. Bxc4 Rxc4 19. Nf5 Bxf5 20. exf5 Rd4
21. Qe3 Rxd1+ 22. Rxd1 Qd7 23. fxg6 e6 24. gxf7+ Qxf7 25. Re1 e5 26. Qb3 Kf8
27. Rf1 g3 28. Nc7 g2 29. Qxf7+ Kxf7 30. Rg1 Nxf4 31. Kd2 Rc8 32. Nb5 Ke6 33.
Bxf4 exf4 34. Rxg2 a6 35. Rxg7 axb5 36. Rxb7 f3 37. Ke3 Rxc2 38. Kxf3 Rxb2 39.
a4 {0-1 Valiente,C-Romero Holmes,A/Novi Sad 1990/TD (39)}) 18... b5 19. f5 a5
$146 ({RR} 19... Rxd5 20. exd5 Bxd4 21. Rxd4 Bxf5 22. Rxh5 gxh5 23. Qxf5 Qc8
24. Qf4 f6 25. Bh4 Ne5 26. Qe4 Nf3 27. Qg6+ Kf8 28. Rf4 Nxh4 29. Qxh5 Nf3 30.
Rf5 Qc5 31. Qh6+ Kf7 {1/2-1/2 Rohacek,M-Pinter,E/Martin 1996/EXT 98 (31)}) 20.
Qh4 ({Nach} 20. Bxc4 Rxc4 {[%csl Rd4][%cal Gf2d4] ist die Dame an d4 gebunden.}
) 20... Rxd5 21. exd5 Nxb2 22. fxg6 (22. Kxb2 a4 23. fxg6 fxg6 24. c3 axb3 25.
axb3 b4 $40) 22... fxg6 23. Nc6 (23. Kxb2 a4 $40) 23... Qb6 {[%cal Rb2d1]} ({
Nach} 23... Bxc6 $4 24. dxc6+ {[%cal Rb3g8]} Nc4 25. Qxg4 $18 {[%csl Rg6,Rg8]
[%cal Rb3g8,Rg4e6] bricht die schwarze Stellung zusammmen.}) 24. Rde1 a4 $2 ({
Jetzt ist} 24... Bxc6 {richtig. Nach} 25. dxc6+ Nc4 26. Qxg4 Qxc6 {hält die
schwarze Dame c4 und kontrolliert e4.} 27. Qe6+ Kh7) 25. Be3 $2 (25. Nxe7+ Rxe7
(25... Kh7 26. Qxh5+ gxh5 27. Rxh5+ Bh6 28. Rxh6+ Kg7 29. Rg6+ Kf8 30. Rf1+ $18
) 26. Rxe7 axb3 27. Rxd7 Qc5 28. axb3 Nd3+ 29. Kb1 Qc3 30. Rxg7+ Kxg7 31. Bc1
$18) 25... Qc7 26. Qg5 axb3 27. axb3 Nd3+ 28. cxd3 Bxc6 29. Kd1 (29. dxc6 Qxc6+
30. Kd1 Ra8 $19) 29... Ra8 30. Bd4 e5 31. Qxg6 Bxd5 32. Rxh5 Bf3+ 33. Kd2 Ra2+
34. Ke3 exd4+ 35. Kf4 Qf7+ 36. Qxf7+ Kxf7 37. Rf5+ Bf6 38. Rc1 Kg6 0-1

[Event "Belgrade Investbank"]
[Site "Belgrade"]
[Date "1997.11.21"]
[Round "9"]
[White "Ljubojevic, Ljubomir"]
[Black "Georgiev, Kiril"]
[Result "1/2-1/2"]
[WhiteElo "2565"]
[BlackElo "2670"]
[Annotator "Schulz,Andre"]
[PlyCount "72"]
[EventDate "1997.11.11"]
[EventType "tourn"]
[EventRounds "9"]
[EventCountry "YUG"]
[EventCategory "18"]
[SourceTitle "CBM 062"]
[Source "ChessBase"]
[SourceDate "1998.01.31"]
[SourceVersion "1"]
[SourceVersionDate "1998.01.31"]
[SourceQuality "1"]

1. e4 c5 2. Nf3 d6 3. d4 cxd4 4. Nxd4 Nf6 5. Nc3 g6 6. Be3 Bg7 7. f3 Nc6 8. Qd2
O-O 9. Bc4 Bd7 10. O-O-O Rc8 11. Bb3 Nxd4 {Die Idee von Topalov aus der Partie
gegen Short, Novgorod 1996. Der Abtausch ermöglicht schnelles b7-b5.} 12. Bxd4
b5 13. Qe3 {Weiß verhindert a7-a5, allerdings steht die Dame auf e3 dem B im
Weg.} (13. Bxa7 b4 14. Nd5 (14. Ne2 Qa5 15. Bd4 Ba4 16. Bxa4 Qxa4 17. Kb1 Rc6
18. Nc1 Rfc8 19. c3 e5 $19) 14... Nxd5 15. exd5 Qa5 16. Bd4 Ba4 $15) (13. Nd5)
(13. e5 dxe5 (13... Ne8 $2 14. exd6 Nxd6 15. Bxg7 Kxg7 16. h4 $40) 14. Bxe5 Bc6
$11) 13... b4 14. Ne2 Qa5 (14... a5 $2 15. Bb6) 15. Bxa7 (15. h4 Ba4 $40) 15...
Rc6 (15... Ba4 16. Qb6 $13 (16. Bb6 Qa6 $40)) 16. Qg1 (16. Z0 $140 Ra8) 16...
Be6 17. Nd4 Bh6+ 18. Rd2 (18. Kb1 $2 Bxb3 19. Z0 Ra6 $140 $40) 18... Bxd2+ 19.
Kxd2 Ra6 20. Nxe6 fxe6 21. Bd4 (21. Bxe6+ Kh8 22. Be3 b3+ $19) 21... Kg7 22. h4
e5 23. Be3 h6 24. Qh2 Nh5 25. Qh3 Qd8 26. Qe6 Ra8 27. Qc4 Rb8 28. Kc1 Nf4 29.
Qf1 Qc8 30. Kb1 Ne6 31. Qc1 Rh8 32. Qd2 Nc5 33. Bc4 Na4 34. Bb3 Nc5 35. Bc4 Na4
36. Bb3 Nc5 1/2-1/2

[Event "FIDE-Wch k.o."]
[Site "Las Vegas"]
[Date "1999.08.09"]
[Round "4.1"]
[White "Movsesian, Sergei"]
[Black "Fedorov, Alexei"]
[Result "1/2-1/2"]
[WhiteElo "2659"]
[BlackElo "2659"]
[Annotator "Schulz,Andre"]
[PlyCount "73"]
[EventDate "1999.07.31"]
[EventType "k.o."]
[EventRounds "7"]
[EventCountry "USA"]
[SourceTitle "CBM 072"]
[Source "ChessBase"]
[SourceDate "1999.10.01"]
[SourceVersion "1"]
[SourceVersionDate "1999.10.01"]
[SourceQuality "1"]

1. e4 c5 2. Nf3 d6 3. d4 cxd4 4. Nxd4 Nf6 5. Nc3 g6 6. Be3 Bg7 7. f3 Nc6 8. Qd2
O-O 9. Bc4 Bd7 10. O-O-O Qb8 {Wird sehr selten gespielt.} 11. Nd5 ({
Hauptvariante ist} 11. h4) 11... Nxd5 12. exd5 (12. Bxd5 Ne5 13. h4 Bc6 14. Bb3
a5 15. a3 b5 16. h5 {1-0 Korneev,O-Montenegro Garcia,M/Malaga 1998/CBM 63 ext 
(43)}) 12... Ne5 13. Be2 (13. Bb3 a5 14. a4 $140 $2 (14. a3 $142) 14... b5 $40)
13... Rc8 14. h4 (14. Bh6 Bh8 15. g4 Nc4 16. Bxc4 Rxc4 17. Be3 Qd8 18. Kb1 Rac8
19. Rc1 Ra4 20. Nb3 {1/2-1/2 Moles,J-Levy,D/Skopje 1972/MCD (20)}) 14... Qc7
15. b3 b5 16. Kb1 Rab8 17. g4 Qc3 (17... Nc4 18. bxc4 (18. Bxc4 bxc4 19. h5
cxb3 20. cxb3 Qc3 $11) 18... bxc4+ 19. Ka1 c3 20. Qd3 Qa5 (20... Rb2 21. Qa6)
21. Qa6 (21. Rb1 Rb2 22. Rxb2 cxb2+ 23. Kb1 Qxd5 24. Rg1) 21... Qxd5 $13) 18.
Rhg1 Qc7 19. Bh6 Bh8 20. h5 Nc4 21. Bxc4 bxc4 22. hxg6 hxg6 23. Rh1 cxb3 24.
cxb3 Qc3 25. Bg5 Be5 26. Bxe7 Qxd2 27. Rxd2 Kg7 28. Nc6 Bxc6 29. dxc6 Rxc6 30.
f4 Bxf4 31. g5 Be5 32. Rdh2 Rbc8 33. Rf2 Rh8 34. Rxh8 Kxh8 35. Rxf7 Kg8 36.
Rf8+ Kg7 37. Rf3 1/2-1/2